| 000 | 00676nam a22002417a 4500 | ||
|---|---|---|---|
| 005 | 20170124110117.0 | ||
| 010 | _aB-061180 | ||
| 020 |
_c200.00 _a8186849165 |
||
| 035 | _aB-061180 | ||
| 037 | _bCen Lib/Ret | ||
| 040 |
_aDPL _bEN |
||
| 082 |
_aN _bKRI |
||
| 100 |
_aKrishna chandra _925115 |
||
| 245 |
_aThe full moon night / _cBy Krishna Chander; traslated by Jai Ratan |
||
| 260 |
_bAsia publishers _aDelhi _c2002 |
||
| 270 |
_bDelhi _aA-36, Chetak appt, sector-9 _e110085 |
||
| 300 |
_a135p. _c20cm(Hb) |
||
| 650 |
_aEnglish literature _930230 |
||
| 650 |
_aShort stories _944 |
||
| 700 |
_aJai Ratan _930194 |
||
| 700 | _930206 | ||
| 942 |
_2ddc _cEN _hS _mKRI |
||
| 999 |
_c130840 _d130840 |
||